[Event "DEM U10w 2021"]
[Site "Willingen GER"]
[Date "2021.08.28"]
[Round "10"]
[White "Kovalskyy, Alicia"]
[Black "Czäczine, Paula"]
[Result "0-1"]
[Termination "normal"]
[Board "1"]
[WhiteElo "1078"]
[BlackElo "1127"]
[WhiteClock "00:48:13"]
[BlackClock "00:06:26"]
[PlyCount "164"]
[WhiteFideId "34612130"]
[BlackFideId "16249305"]
[EventCountry "GER"]
[EventRounds "11"]
[EventType "swiss"]
[EventDate "2021.08.22"]

1. e4 {[%clk 01:15:58]} {[%emt 00:00:02]} e5 {[%clk 01:15:51]} {[%emt
00:00:09]} 2. Nf3 {[%clk 01:16:24]} {[%emt 00:00:04]} Nc6 {[%clk 01:16:13]}
{[%emt 00:00:08]} 3. Bc4 {[%clk 01:16:52]} {[%emt 00:00:03]} Nf6 {[%clk
01:16:35]} {[%emt 00:00:08]} 4. Ng5 {[%clk 01:17:18]} {[%emt 00:00:03]} d5
{[%clk 01:16:57]} {[%emt 00:00:08]} 5. exd5 {[%clk 01:17:45]} {[%emt 00:00:03]}
Na5 {[%clk 01:17:18]} {[%emt 00:00:09]} 6. d3 {[%clk 01:18:05]} {[%emt
00:00:10]} h6 {[%clk 01:17:23]} {[%emt 00:00:25]} 7. Nf3 {[%clk 01:18:28]}
{[%emt 00:00:08]} e4 {[%clk 01:17:30]} {[%emt 00:00:22]} 8. Nd4 {[%clk
01:18:51]} {[%emt 00:00:07]} Bc5 {[%clk 01:16:58]} {[%emt 00:01:02]} 9. Be3
{[%clk 01:19:11]} {[%emt 00:00:11]} Nxd5 {[%clk 01:07:59]} {[%emt 00:09:29]}
10. Qh5 {[%clk 01:17:31]} {[%emt 00:02:09]} Nxc4 {[%clk 01:07:37]} {[%emt
00:00:52]} 11. dxc4 {[%clk 01:17:30]} {[%emt 00:00:31]} Nxe3 {[%clk 01:07:29]}
{[%emt 00:00:38]} 12. fxe3 {[%clk 01:12:44]} {[%emt 00:05:16]} Bxd4 {[%clk
01:07:32]} {[%emt 00:00:27]} 13. exd4 {[%clk 01:13:01]} {[%emt 00:00:13]} Qxd4
{[%clk 01:07:43]} {[%emt 00:00:19]} 14. Qb5+ {[%clk 01:12:51]} {[%emt
00:00:41]} c6 {[%clk 01:07:53]} {[%emt 00:00:20]} 15. Qb3 {[%clk 01:12:44]}
{[%emt 00:00:37]} O-O {[%clk 01:06:26]} {[%emt 00:01:57]} 16. Nd2 {[%clk
01:12:07]} {[%emt 00:01:06]} Bg4 {[%clk 01:02:23]} {[%emt 00:04:33]} 17. h3
{[%clk 01:12:02]} {[%emt 00:00:36]} Bh5 {[%clk 00:48:19]} {[%emt 00:14:34]} 18.
g4 {[%clk 01:11:45]} {[%emt 00:00:47]} Bg6 {[%clk 00:48:40]} {[%emt 00:00:09]}
19. O-O-O {[%clk 01:11:58]} {[%emt 00:00:17]} Qe5 {[%clk 00:48:07]} {[%emt
00:01:02]} 20. Rhe1 {[%clk 01:11:37]} {[%emt 00:00:58]} Rfe8 {[%clk 00:46:47]}
{[%emt 00:01:43]} 21. Re2 {[%clk 01:08:27]} {[%emt 00:03:40]} e3 {[%clk
00:45:42]} {[%emt 00:01:34]} 22. Nf3 {[%clk 01:06:19]} {[%emt 00:02:39]} Qe4
{[%clk 00:45:30]} {[%emt 00:00:42]} 23. Nh4 {[%clk 01:05:46]} {[%emt 00:01:04]}
c5 {[%clk 00:38:52]} {[%emt 00:07:08]} 24. Ng2 {[%clk 01:05:04]} {[%emt
00:01:11]} Qf3 {[%clk 00:38:42]} {[%emt 00:00:40]} 25. Rde1 {[%clk 01:03:16]}
{[%emt 00:02:18]} Qxh3 {[%clk 00:38:27]} {[%emt 00:00:44]} 26. Nxe3 {[%clk
01:02:16]} {[%emt 00:01:29]} b6 {[%clk 00:36:57]} {[%emt 00:02:02]} 27. Nd5
{[%clk 01:01:51]} {[%emt 00:00:55]} Rxe2 {[%clk 00:37:17]} {[%emt 00:00:10]}
28. Qxh3 {[%clk 01:02:03]} {[%emt 00:00:18]} Rxe1+ {[%clk 00:37:38]} {[%emt
00:00:09]} 29. Kd2 {[%clk 01:02:19]} {[%emt 00:00:14]} Rae8 {[%clk 00:35:29]}
{[%emt 00:02:39]} 30. Nf4 {[%clk 01:02:13]} {[%emt 00:00:36]} R1e4 {[%clk
00:32:51]} {[%emt 00:03:08]} 31. Nd3 {[%clk 01:01:55]} {[%emt 00:00:49]} Rxc4
{[%clk 00:32:34]} {[%emt 00:00:46]} 32. Qg3 {[%clk 01:00:08]} {[%emt 00:02:18]}
Ra4 {[%clk 00:29:15]} {[%emt 00:03:48]} 33. a3 {[%clk 00:59:26]} {[%emt
00:01:11]} Ree4 {[%clk 00:28:53]} {[%emt 00:00:52]} 34. Ne5 {[%clk 00:53:27]}
{[%emt 00:06:30]} Kh7 {[%clk 00:25:46]} {[%emt 00:03:37]} 35. g5 {[%clk
00:44:08]} {[%emt 00:09:49]} hxg5 {[%clk 00:23:56]} {[%emt 00:02:19]} 36. Qxg5
{[%clk 00:44:05]} {[%emt 00:00:34]} Rad4+ {[%clk 00:23:52]} {[%emt 00:00:34]}
37. Kc3 {[%clk 00:43:53]} {[%emt 00:00:42]} Re2 {[%clk 00:19:38]} {[%emt
00:04:43]} 38. Nxg6 {[%clk 00:42:20]} {[%emt 00:02:04]} fxg6 {[%clk 00:19:56]}
{[%emt 00:00:11]} 39. Qg3 {[%clk 00:42:07]} {[%emt 00:00:44]} Rdd2 {[%clk
00:19:01]} {[%emt 00:01:25]} 40. Qh3+ {[%clk 00:42:18]} {[%emt 00:00:19]} Kg8
{[%clk 00:19:18]} {[%emt 00:00:12]} 41. Qc8+ {[%clk 00:42:30]} {[%emt
00:00:19]} Kh7 {[%clk 00:19:13]} {[%emt 00:00:35]} 42. Qh3+ {[%clk 00:42:51]}
{[%emt 00:00:08]} Kg8 {[%clk 00:19:37]} {[%emt 00:00:06]} 43. Qc8+ {[%clk
00:43:14]} {[%emt 00:00:08]} Kf7 {[%clk 00:19:44]} {[%emt 00:00:23]} 44. Qc7+
{[%clk 00:43:36]} {[%emt 00:00:08]} Kf6 {[%clk 00:19:57]} {[%emt 00:00:17]} 45.
Qf4+ {[%clk 00:43:40]} {[%emt 00:00:25]} Ke7 {[%clk 00:19:42]} {[%emt
00:00:45]} 46. Qc7+ {[%clk 00:44:03]} {[%emt 00:00:08]} Rd7 {[%clk 00:19:39]}
{[%emt 00:00:33]} 47. Qg3 {[%clk 00:43:57]} {[%emt 00:00:36]} Re6 {[%clk
00:17:59]} {[%emt 00:02:10]} 48. Qh4+ {[%clk 00:43:37]} {[%emt 00:00:50]} Kf7
{[%clk 00:17:34]} {[%emt 00:00:55]} 49. Qf4+ {[%clk 00:43:36]} {[%emt
00:00:31]} Ke8 {[%clk 00:17:01]} {[%emt 00:01:02]} 50. Qb8+ {[%clk 00:43:39]}
{[%emt 00:00:28]} Ke7 {[%clk 00:17:22]} {[%emt 00:00:09]} 51. Qh8 {[%clk
00:43:49]} {[%emt 00:00:19]} Kf7 {[%clk 00:12:22]} {[%emt 00:05:31]} 52. Qh3
{[%clk 00:43:19]} {[%emt 00:00:59]} Rde7 {[%clk 00:11:55]} {[%emt 00:00:57]}
53. Qf3+ {[%clk 00:43:09]} {[%emt 00:00:41]} Rf6 {[%clk 00:11:08]} {[%emt
00:01:17]} 54. Qd5+ {[%clk 00:43:13]} {[%emt 00:00:25]} Rfe6 {[%clk 00:11:11]}
{[%emt 00:00:28]} 55. Qf3+ {[%clk 00:43:30]} {[%emt 00:00:14]} Rf6 {[%clk
00:09:14]} {[%emt 00:02:26]} 56. Qd5+ {[%clk 00:43:38]} {[%emt 00:00:21]} Kf8
{[%clk 00:08:53]} {[%emt 00:00:50]} 57. Qa8+ {[%clk 00:43:40]} {[%emt
00:00:29]} Re8 {[%clk 00:07:44]} {[%emt 00:01:39]} 58. Qxa7 {[%clk 00:43:49]}
{[%emt 00:00:21]} g5 {[%clk 00:07:44]} {[%emt 00:00:31]} 59. Qc7 {[%clk
00:43:24]} {[%emt 00:00:55]} Kg8 {[%clk 00:06:52]} {[%emt 00:01:21]} 60. Qd7
{[%clk 00:42:05]} {[%emt 00:01:49]} Rfe6 {[%clk 00:06:49]} {[%emt 00:00:33]}
61. Qd5 {[%clk 00:41:38]} {[%emt 00:00:57]} g4 {[%clk 00:06:03]} {[%emt
00:01:16]} 62. Qg5 {[%clk 00:41:44]} {[%emt 00:00:21]} Re3+ {[%clk 00:06:05]}
{[%emt 00:00:33]} 63. Kd2 {[%clk 00:41:59]} {[%emt 00:00:15]} g3 {[%clk
00:06:13]} {[%emt 00:00:22]} 64. Qd5+ {[%clk 00:42:16]} {[%emt 00:00:12]} R8e6
{[%clk 00:05:54]} {[%emt 00:00:49]} 65. Qd8+ {[%clk 00:42:22]} {[%emt
00:00:23]} Kh7 {[%clk 00:05:27]} {[%emt 00:00:58]} 66. Qh4+ {[%clk 00:42:30]}
{[%emt 00:00:21]} Kg6 {[%clk 00:03:45]} {[%emt 00:02:12]} 67. Qg4+ {[%clk
00:42:38]} {[%emt 00:00:19]} Kf6 {[%clk 00:03:42]} {[%emt 00:00:36]} 68. Qf4+
{[%clk 00:42:47]} {[%emt 00:00:19]} Ke7 {[%clk 00:03:33]} {[%emt 00:00:38]} 69.
Qc7+ {[%clk 00:42:11]} {[%emt 00:01:09]} Kf8 {[%clk 00:03:30]} {[%emt
00:00:32]} 70. Qb8+ {[%clk 00:42:13]} {[%emt 00:00:29]} Kf7 {[%clk 00:00:56]}
{[%emt 00:03:05]} 71. Qf4+ {[%clk 00:40:53]} {[%emt 00:01:50]} Kg8 {[%clk
00:00:54]} {[%emt 00:00:31]} 72. Qxe3 {[%clk 00:41:00]} {[%emt 00:00:24]} Rxe3
{[%clk 00:01:13]} {[%emt 00:00:11]} 73. Kxe3 {[%clk 00:41:28]} {[%emt
00:00:02]} Kf7 {[%clk 00:01:23]} {[%emt 00:00:20]} 74. Kf3 {[%clk 00:41:51]}
{[%emt 00:00:07]} Ke6 {[%clk 00:01:07]} {[%emt 00:00:46]} 75. Kxg3 {[%clk
00:42:03]} {[%emt 00:00:18]} Ke5 {[%clk 00:00:51]} {[%emt 00:00:46]} 76. Kf3
{[%clk 00:39:08]} {[%emt 00:03:25]} Kf5 {[%clk 00:13:43]} {[%emt 00:02:37]} 77.
b4 {[%clk 00:53:50]} {[%emt 00:00:49]} cxb4 {[%clk 00:13:43]} {[%emt 00:00:30]}
78. axb4 {[%clk 00:54:07]} {[%emt 00:00:13]} Ke5 {[%clk 00:12:19]} {[%emt
00:01:54]} 79. Ke3 {[%clk 00:52:06]} {[%emt 00:02:30]} Kd5 {[%clk 00:06:19]}
{[%emt 00:06:30]} 80. Kd3 {[%clk 00:49:37]} {[%emt 00:02:59]} b5 {[%clk
00:05:54]} {[%emt 00:00:56]} 81. c3 {[%clk 00:49:23]} {[%emt 00:00:44]} g5
{[%clk 00:06:09]} {[%emt 00:00:15]} 82. Ke3 {[%clk 00:48:13]} {[%emt 00:01:39]}
Kc4 {[%clk 00:06:26]} {[%emt 00:00:14]} 0-1

[Event "DEM U10w 2021"]
[Site "Willingen GER"]
[Date "2021.08.28"]
[Round "10"]
[White "Rafikova, Ailin"]
[Black "Wagner, Cosima"]
[Result "0-1"]
[Termination "normal"]
[Board "2"]
[WhiteElo "1375"]
[BlackElo "1110"]
[WhiteClock "00:14:43"]
[BlackClock "00:17:36"]
[PlyCount "110"]
[WhiteFideId "34612173"]
[BlackFideId "34603484"]
[EventCountry "GER"]
[EventRounds "11"]
[EventType "swiss"]
[EventDate "2021.08.22"]

1. e4 {[%clk 01:15:47]} {[%emt 00:00:12]} c5 {[%clk 01:15:56]} {[%emt
00:00:05]} 2. Nf3 {[%clk 01:15:48]} {[%emt 00:00:28]} g6 {[%clk 01:16:21]}
{[%emt 00:00:06]} 3. c3 {[%clk 01:15:20]} {[%emt 00:00:58]} Bg7 {[%clk
01:16:38]} {[%emt 00:00:13]} 4. d4 {[%clk 01:15:06]} {[%emt 00:00:43]} cxd4
{[%clk 01:17:02]} {[%emt 00:00:06]} 5. cxd4 {[%clk 01:15:14]} {[%emt 00:00:22]}
d6 {[%clk 01:16:59]} {[%emt 00:00:34]} 6. Bb5+ {[%clk 01:13:46]} {[%emt
00:01:56]} Nc6 {[%clk 01:12:11]} {[%emt 00:05:20]} 7. O-O {[%clk 01:08:11]}
{[%emt 00:06:02]} a6 {[%clk 01:10:56]} {[%emt 00:01:48]} 8. Bxc6+ {[%clk
01:04:59]} {[%emt 00:03:41]} bxc6 {[%clk 01:11:17]} {[%emt 00:00:10]} 9. h3
{[%clk 01:02:57]} {[%emt 00:02:30]} Nf6 {[%clk 01:09:29]} {[%emt 00:02:19]} 10.
Nc3 {[%clk 01:01:35]} {[%emt 00:01:52]} O-O {[%emt 00:01:32]} 11. Bf4 {[%clk
00:59:38]} {[%emt 00:02:22]} c5 {[%clk 00:58:59]} {[%emt 00:10:03]} 12. dxc5
{[%clk 00:56:37]} {[%emt 00:03:31]} dxc5 {[%clk 00:58:59]} {[%emt 00:00:31]}
13. Qxd8 {[%clk 00:52:38]} {[%emt 00:04:23]} Rxd8 {[%clk 00:58:25]} {[%emt
00:01:10]} 14. Be3 {[%clk 00:50:27]} {[%emt 00:02:40]} c4 {[%clk 00:53:51]}
{[%emt 00:05:05]} 15. Rad1 {[%clk 00:47:57]} {[%emt 00:03:00]} Bb7 {[%clk
00:52:59]} {[%emt 00:01:22]} 16. Nd2 {[%clk 00:40:22]} {[%emt 00:08:04]} Rac8
{[%clk 00:49:33]} {[%emt 00:03:56]} 17. f3 {[%clk 00:37:06]} {[%emt 00:03:46]}
Rd3 {[%clk 00:46:38]} {[%emt 00:03:26]} 18. Bf2 {[%clk 00:30:14]} {[%emt
00:07:09]} Nh5 {[%clk 00:45:39]} {[%emt 00:01:42]} 19. Ndb1 {[%clk 00:26:53]}
{[%emt 00:03:49]} Nf4 {[%clk 00:41:26]} {[%emt 00:04:44]} 20. Bg3 {[%clk
00:23:55]} {[%emt 00:03:28]} Nh5 {[%clk 00:35:53]} {[%emt 00:06:03]} 21. Bh2
{[%clk 00:23:20]} {[%emt 00:01:04]} Rcd8 {[%clk 00:28:54]} {[%emt 00:07:31]}
22. Rxd3 {[%clk 00:21:42]} {[%emt 00:02:06]} cxd3 {[%clk 00:28:33]} {[%emt
00:00:52]} 23. Rd1 {[%clk 00:20:52]} {[%emt 00:01:20]} Bc6 {[%clk 00:27:03]}
{[%emt 00:02:00]} 24. g4 {[%clk 00:19:49]} {[%emt 00:01:33]} Nf6 {[%clk
00:26:27]} {[%emt 00:01:06]} 25. Kf2 {[%clk 00:19:11]} {[%emt 00:01:09]} Bh6
{[%clk 00:25:15]} {[%emt 00:01:42]} 26. h4 {[%clk 00:18:51]} {[%emt 00:00:50]}
Ne8 {[%clk 00:21:59]} {[%emt 00:03:45]} 27. g5 {[%clk 00:18:48]} {[%emt
00:00:33]} Bg7 {[%clk 00:22:18]} {[%emt 00:00:11]} 28. Ke3 {[%clk 00:18:48]}
{[%emt 00:00:30]} Bd4+ {[%clk 00:22:21]} {[%emt 00:00:27]} 29. Kd2 {[%clk
00:17:56]} {[%emt 00:01:23]} Ng7 {[%clk 00:21:05]} {[%emt 00:01:45]} 30. Ke1
{[%clk 00:16:59]} {[%emt 00:01:26]} Be3 {[%clk 00:19:52]} {[%emt 00:01:44]} 31.
Na3 {[%clk 00:15:24]} {[%emt 00:02:05]} f5 {[%clk 00:10:31]} {[%emt 00:09:52]}
32. gxf6 {[%clk 00:14:16]} {[%emt 00:01:38]} exf6 {[%clk 00:10:29]} {[%emt
00:00:31]} 33. Kf1 {[%clk 00:11:13]} {[%emt 00:03:32]} Ne6 {[%clk 00:09:06]}
{[%emt 00:01:55]} 34. Bg1 {[%clk 00:10:28]} {[%emt 00:01:14]} Bf4 {[%clk
00:09:02]} {[%emt 00:00:34]} 35. Bf2 {[%clk 00:09:45]} {[%emt 00:01:12]} g5
{[%clk 00:08:48]} {[%emt 00:00:46]} 36. Ke1 {[%clk 00:08:28]} {[%emt 00:01:47]}
gxh4 {[%clk 00:08:58]} {[%emt 00:00:19]} 37. Bxh4 {[%clk 00:08:39]} {[%emt
00:00:18]} Ng5 {[%clk 00:09:24]} {[%emt 00:00:06]} 38. Kf2 {[%clk 00:08:03]}
{[%emt 00:01:03]} Kg7 {[%clk 00:09:33]} {[%emt 00:00:24]} 39. Kg2 {[%clk
00:07:14]} {[%emt 00:01:18]} Kg6 {[%clk 00:09:17]} {[%emt 00:00:47]} 40. Bg3
{[%clk 00:06:47]} {[%emt 00:00:56]} Be3 {[%clk 00:09:22]} {[%emt 00:00:26]} 41.
Bf2 {[%clk 00:06:40]} {[%emt 00:00:36]} Bf4 {[%clk 00:08:29]} {[%emt 00:01:23]}
42. Bg3 {[%clk 00:06:48]} {[%emt 00:00:21]} Bxg3 {[%clk 00:08:49]} {[%emt
00:00:11]} 43. Kxg3 {[%clk 00:07:07]} {[%emt 00:00:09]} f5 {[%clk 00:08:56]}
{[%emt 00:00:25]} 44. e5 {[%clk 00:06:39]} {[%emt 00:00:58]} Bxf3 {[%clk
00:09:01]} {[%emt 00:00:25]} 45. Rd2 {[%clk 00:05:27]} {[%emt 00:01:42]} Ne4+
{[%clk 00:08:28]} {[%emt 00:01:03]} 46. Nxe4 {[%clk 00:05:29]} {[%emt
00:00:28]} fxe4 {[%clk 00:08:39]} {[%emt 00:00:20]} 47. Nc4 {[%clk 00:05:10]}
{[%emt 00:00:49]} Kg5 {[%clk 00:06:18]} {[%emt 00:02:50]} 48. Rf2 {[%clk
00:03:35]} {[%emt 00:02:04]} h5 {[%clk 00:04:52]} {[%emt 00:01:57]} 49. Rd2
{[%clk 00:02:26]} {[%emt 00:01:39]} h4+ {[%clk 00:04:43]} {[%emt 00:00:39]} 50.
Kh2 {[%clk 00:02:11]} {[%emt 00:00:44]} Kf4 {[%clk 00:04:49]} {[%emt 00:00:26]}
51. Kh3 {[%clk 00:01:14]} {[%emt 00:01:27]} e3 {[%clk 00:03:49]} {[%emt
00:01:59]} 52. Rh2 {[%clk 00:00:58]} {[%emt 00:00:45]} d2 {[%clk 00:02:16]}
{[%emt 00:02:04]} 53. Nxd2 {[%clk 00:15:00]} {[%emt 00:01:28]} exd2 {[%clk
00:17:37]} {[%emt 00:00:09]} 54. Kxh4 {[%clk 00:15:02]} {[%emt 00:00:27]} d1=Q
{[%clk 00:17:54]} {[%emt 00:00:11]} 55. Rf2 {[%clk 00:14:43]} {[%emt 00:00:51]}
Rh8 {[%clk 00:17:36]} {[%emt 00:00:17]} 0-1

[Event "DEM U10w 2021"]
[Site "Willingen GER"]
[Date "2021.08.28"]
[Round "10"]
[White "Hefele, Stefanie"]
[Black "Xiao, Yiyi"]
[Result "0-1"]
[Termination "normal"]
[Board "3"]
[WhiteElo "1044"]
[BlackElo "1368"]
[WhiteClock "00:21:09"]
[BlackClock "01:01:05"]
[PlyCount "44"]
[WhiteFideId "34612041"]
[BlackFideId "34605665"]
[EventCountry "GER"]
[EventRounds "11"]
[EventType "swiss"]
[EventDate "2021.08.22"]

1. e4 {[%clk 01:15:53]} {[%emt 00:00:06]} e5 {[%clk 01:15:55]} {[%emt
00:00:05]} 2. Nf3 {[%clk 01:16:11]} {[%emt 00:00:13]} Nc6 {[%clk 01:16:18]}
{[%emt 00:00:07]} 3. d4 {[%clk 01:16:17]} {[%emt 00:00:24]} exd4 {[%clk
01:16:34]} {[%emt 00:00:15]} 4. Bc4 {[%clk 01:16:16]} {[%emt 00:00:30]} g6
{[%clk 01:15:37]} {[%emt 00:01:27]} 5. Ng5 {[%clk 01:10:16]} {[%emt 00:06:30]}
Nh6 {[%clk 01:14:53]} {[%emt 00:01:13]} 6. O-O {[%clk 01:06:46]} {[%emt
00:04:01]} Bg7 {[%clk 01:14:28]} {[%emt 00:00:55]} 7. c3 {[%clk 00:57:14]}
{[%emt 00:10:02]} O-O {[%clk 01:13:41]} {[%emt 00:01:17]} 8. h4 {[%clk
00:53:33]} {[%emt 00:04:11]} d6 {[%clk 01:12:17]} {[%emt 00:01:54]} 9. Bf4
{[%clk 00:49:50]} {[%emt 00:04:11]} Ng4 {[%clk 01:10:48]} {[%emt 00:02:01]} 10.
Qb3 {[%clk 00:46:44]} {[%emt 00:03:35]} Qe7 {[%clk 01:09:37]} {[%emt 00:01:41]}
11. Re1 {[%clk 00:41:03]} {[%emt 00:06:14]} dxc3 {[%clk 01:08:19]} {[%emt
00:01:46]} 12. bxc3 {[%clk 00:40:59]} {[%emt 00:00:34]} Na5 {[%clk 01:07:40]}
{[%emt 00:01:09]} 13. Qb5 {[%clk 00:38:53]} {[%emt 00:02:35]} b6 {[%clk
01:06:39]} {[%emt 00:01:32]} 14. f3 {[%clk 00:37:31]} {[%emt 00:01:53]} Bd7
{[%clk 01:05:59]} {[%emt 00:01:09]} 15. Qd5 {[%clk 00:36:34]} {[%emt 00:01:27]}
Nf6 {[%clk 01:05:12]} {[%emt 00:01:17]} 16. Qd3 {[%clk 00:33:45]} {[%emt
00:03:18]} h6 {[%clk 01:04:59]} {[%emt 00:00:44]} 17. Nh3 {[%clk 00:33:03]}
{[%emt 00:01:11]} Nh5 {[%clk 01:04:33]} {[%emt 00:00:56]} 18. g4 {[%clk
00:30:18]} {[%emt 00:03:16]} Qxh4 {[%clk 01:02:09]} {[%emt 00:02:54]} 19. Rf1
{[%clk 00:26:40]} {[%emt 00:04:08]} g5 {[%clk 01:01:17]} {[%emt 00:01:22]} 20.
gxh5 {[%clk 00:25:36]} {[%emt 00:01:32]} Bxh3 {[%clk 01:00:46]} {[%emt
00:01:02]} 21. Be3 {[%clk 00:22:22]} {[%emt 00:03:44]} Qg3+ {[%clk 01:00:51]}
{[%emt 00:00:25]} 22. Kh1 {[%clk 00:21:09]} {[%emt 00:01:43]} Qg2# {[%clk
01:01:05]} {[%emt 00:00:17]} 0-1

[Event "DEM U10w 2021"]
[Site "Willingen GER"]
[Date "2021.08.28"]
[Round "10"]
[White "Bakó, Isabella"]
[Black "Meier, Viktoria"]
[Result "1-0"]
[Termination "normal"]
[Board "4"]
[WhiteElo "1173"]
[BlackElo "1280"]
[WhiteClock "00:19:57"]
[BlackClock "00:46:18"]
[PlyCount "63"]
[WhiteFideId "16287266"]
[BlackFideId "34678298"]
[EventCountry "GER"]
[EventRounds "11"]
[EventType "swiss"]
[EventDate "2021.08.22"]

1. d4 {[%clk 01:15:53]} {[%emt 00:00:07]} d6 {[%clk 01:15:48]} {[%emt
00:00:12]} 2. Nf3 {[%clk 01:15:07]} {[%emt 00:01:15]} Nf6 {[%clk 01:15:50]}
{[%emt 00:00:28]} 3. e3 {[%clk 01:14:47]} {[%emt 00:00:50]} Nbd7 {[%clk
01:16:07]} {[%emt 00:00:13]} 4. Bd3 {[%clk 01:14:48]} {[%emt 00:00:29]} e5
{[%clk 01:16:20]} {[%emt 00:00:17]} 5. dxe5 {[%clk 01:12:50]} {[%emt 00:02:28]}
dxe5 {[%clk 01:15:12]} {[%emt 00:01:39]} 6. e4 {[%clk 01:12:30]} {[%emt
00:00:49]} Be7 {[%clk 01:14:37]} {[%emt 00:01:05]} 7. b3 {[%clk 01:11:06]}
{[%emt 00:01:54]} O-O {[%clk 01:13:49]} {[%emt 00:01:18]} 8. Bb2 {[%clk
01:11:02]} {[%emt 00:00:34]} Bb4+ {[%clk 01:13:36]} {[%emt 00:00:44]} 9. Nbd2
{[%clk 01:11:05]} {[%emt 00:00:27]} Re8 {[%clk 01:13:08]} {[%emt 00:00:58]} 10.
O-O {[%clk 01:10:45]} {[%emt 00:00:49]} b6 {[%clk 01:11:32]} {[%emt 00:02:07]}
11. Nc4 {[%clk 01:07:56]} {[%emt 00:03:19]} Bd6 {[%clk 01:11:45]} {[%emt
00:00:17]} 12. Nxd6 {[%clk 01:07:51]} {[%emt 00:00:34]} cxd6 {[%clk 01:12:01]}
{[%emt 00:00:14]} 13. Bc4 {[%clk 01:07:34]} {[%emt 00:00:48]} Bb7 {[%clk
01:11:14]} {[%emt 00:01:17]} 14. Qxd6 {[%clk 01:05:25]} {[%emt 00:02:37]} Nxe4
{[%clk 01:10:32]} {[%emt 00:01:13]} 15. Qd3 {[%clk 01:05:04]} {[%emt 00:00:51]}
Qc7 {[%clk 01:08:38]} {[%emt 00:02:25]} 16. Rfe1 {[%clk 01:02:28]} {[%emt
00:03:05]} Ndc5 {[%clk 01:07:50]} {[%emt 00:01:18]} 17. Qe3 {[%clk 00:55:45]}
{[%emt 00:07:13]} Nd7 {[%clk 01:05:50]} {[%emt 00:02:31]} 18. Bd3 {[%clk
00:52:01]} {[%emt 00:04:26]} f5 {[%clk 01:05:32]} {[%emt 00:00:36]} 19. Rad1
{[%clk 00:45:51]} {[%emt 00:06:40]} Re7 {[%clk 00:59:49]} {[%emt 00:06:13]} 20.
Ba3 {[%clk 00:41:57]} {[%emt 00:04:24]} Ndc5 {[%clk 00:58:34]} {[%emt
00:01:45]} 21. Bxc5 {[%clk 00:40:07]} {[%emt 00:02:19]} bxc5 {[%clk 00:56:49]}
{[%emt 00:02:15]} 22. Nd2 {[%clk 00:38:23]} {[%emt 00:02:13]} f4 {[%clk
00:54:28]} {[%emt 00:02:52]} 23. Qh3 {[%clk 00:37:15]} {[%emt 00:01:36]} Ng5
{[%clk 00:54:12]} {[%emt 00:00:49]} 24. Qh5 {[%clk 00:33:12]} {[%emt 00:04:31]}
h6 {[%clk 00:53:51]} {[%emt 00:00:53]} 25. h4 {[%clk 00:30:59]} {[%emt
00:02:43]} Qc6 {[%clk 00:53:30]} {[%emt 00:00:51]} 26. f3 {[%clk 00:26:37]}
{[%emt 00:04:52]} Nf7 {[%clk 00:53:27]} {[%emt 00:00:32]} 27. Bc4 {[%clk
00:24:39]} {[%emt 00:02:29]} Kf8 {[%clk 00:51:51]} {[%emt 00:02:06]} 28. Bxf7
{[%clk 00:24:31]} {[%emt 00:00:37]} Rxf7 {[%clk 00:52:03]} {[%emt 00:00:19]}
29. Nc4 {[%clk 00:21:51]} {[%emt 00:03:10]} Bc8 {[%clk 00:45:57]} {[%emt
00:06:36]} 30. Nxe5 {[%clk 00:19:34]} {[%emt 00:02:46]} Rf5 {[%clk 00:45:57]}
{[%emt 00:00:30]} 31. Qxf5+ {[%clk 00:19:41]} {[%emt 00:00:24]} Bxf5 {[%clk
00:46:18]} {[%emt 00:00:09]} 32. Nxc6 {[%clk 00:19:57]} {[%emt 00:00:14]} 1-0